Population Profile of Religion in India (Record no. 13335)

MARC details
000 -LEADER
fixed length control field 00662nam a2200241 a 4500
020 ## - INTERNATIONAL STANDARD BOOK NUMBER
ISBN 8170183
082 00 - DEWEY DECIMAL CLASSIFICATION NUMBER
Classification number 312.9
Author Cutter BOS1
100 ## - MAIN ENTRY--AUTHOR NAME
Author name Bose, Ashish
245 ## - TITLE STATEMENT
Title Population Profile of Religion in India
Sub title District Wise Data from 1991 Censu
260 ## - PUBLICATION, DISTRIBUTION, ETC. (IMPRINT)
Place of publication Delhi
Name of publisher B.R.Publishing Corporation
Year of publication 1997
300 ## - PHYSICAL DESCRIPTION
Number of Pages 383p
500 ## - GENERAL NOTE
General note includes index and biblioraphy
505 2# - FORMATTED CONTENTS NOTE
Formatted contents note Glossary, index of places
650 ## - SUBJECT ADDED ENTRY--TOPICAL TERM
Topical Term Census-India-1991
942 ## - ADDED ENTRY ELEMENTS (KOHA)
Koha item type Books
700 1# -
-- Bose, Ashish
Holdings
Collection code Home library Current library Date acquired Cost, normal purchase price Full call number Accession Number Koha item type
  Henry Martyn Institute Library Henry Martyn Institute Library 04/05/2007 600.00 312.9 BOS1 019235 Books
                   Copyright © 2026 | Henry Martyn Institute | Hyderabad | TS-500052 | INDIA | Implemented by hmi.edu.in
Hit-Count:

Powered by Koha